Criticism in the borderlands : studies in chicano literature, culture, and ideology

Salvato in:
Dettagli Bibliografici
Natura: Sconosciuto
Pubblicazione: Inglaterra: Duke University Press, c1991
Soggetti:
Tags: Aggiungi Tag
Nessun Tag, puoi essere il primo ad aggiungerne!!

MARC

LEADER 000000000a22000000004500
001 000011
041 0 |a inglés 
092 0 |a 810.986.872 C934c 
245 1 0 |a Criticism in the borderlands : studies in chicano literature, culture, and ideology 
260 |a Inglaterra:   |b Duke University Press,   |c c1991 
300 |a 289 páginas 
500 |a Número de inscripción 02495 (fotocopia) y 08786 
650 4 |a LITERATURA ESTADOUNIDENSE 
650 4 |a HISTORIA 
650 4 |a HISTORIA Y CRITICA 
650 4 |a LITERATURA CHICANA 
650 4 |a VIDA INTELECTUAL 
999 |c 962  |d 962